01261nam0a2200265 4500001001800000005001700018010001800035021001800053035002600071100004100097101000800138102000700146105001800153200025500171210003300426215002700459320005000486606013900536606013600675686001800811700009500829801002800924801002200952852002100974RU\NLR\bibl\9671720260406051809.0 a5-93515-002-6 aRUb2000-8889 a(NLR Aleph) 000094541 a20000710d1999 |||y0rusy50 ca0 arus aRU aa |||||||||1 aЭтно-региональный компонент экологического образования учащейся молодежи Адыгеи, Кабардино-Балкарии и Карачаево-ЧеркесииfМ.С. Багов aНальчикcБ.и.d1999 a133,[2] с.cил.d20 aБиблиогр.: с. 129-133 (79 назв.)0 aЭкологическое образованиеyКабардино-Балкарская Республика3RU\NLR\auth\6613097240 aЭкологическое образованиеyКарачаево-Черкесия, Республика3RU\NLR\auth\661309725 aУ28(2Р-6К) 140708rus7caaБаговbМ. С.gМурадин Саудинович3RU\NLR\auth\776974 0aRUbNLRc20000710gPSBO 1aRUbNLRc20000710 aNLRj2000-3/5994